| 000 | 00938nam a22003137a 4500 | ||
|---|---|---|---|
| 003 | CHAP | ||
| 005 | 20220329134141.0 | ||
| 008 | 971013s1976 r 00010 d | ||
| 010 | _a16185 | ||
| 011 | _a17157 | ||
| 035 | _a21240 | ||
| 040 | _cCHAP | ||
| 082 |
_a335.4 _bG8Y |
||
| 100 | 0 | 0 |
_aGurvitch, Georges. _951558 |
| 245 |
_aProudhon y Marx _b: una confrontación |
||
| 260 |
_aBarcelona : _bCikostau, _c1976 |
||
| 300 | _a147 p | ||
| 490 |
_aBiblioteca política _v; 1 |
||
| 590 |
_aBATCH-UPD _b10 _c20130110 _lUCH01 _h1002 |
||
| 590 |
_aBATCH-UPD _b10 _c20130410 _lUCH01 _h0613 |
||
| 590 |
_aBATCH-UPD _b10 _c20130914 _lUCH01 _h1802 |
||
| 590 |
_aCONVERSION _b10 _c20130109 _lUCH01 _h1310 |
||
| 650 | 1 | 4 |
_aMarxismo. _972728 |
| 650 | 1 | 4 |
_aSocialismo. _9108040 |
| 830 | 0 |
_aBiblioteca política _v; 1 _912460 |
|
| 901 | _aBK | ||
| 942 | _cLIBRO | ||
| 949 |
_a335.4 G8Y _bBC _cLIBRO _d33724000358685 _eLIBRO _gI.126360 _h65884 _i21240 _si _t1.98 |
||
| 999 |
_c16185 _d16185 |
||